000 01195cam a22003493a 4500
001 5949
003 FISKH
005 20250211080200.0
008 070221s1997 nyua j 000 1 eng d
010 _a 2007272013
020 _a0439343852
020 _a9780439343855
040 _aTLM
_cTLM
_dOCLCQ
_dDLC
_beng
050 _aPZ7.D2193 F
082 _a 823.914
100 1 _aBaglio, Ben M.
_d(1960-)
245 1 0 _aFoals in the field /
_cBen M. Baglio ; illustrations by Jenny Gregory.
250 _aThis edition first published in 2001
260 _aNew York :
_bScholastic,
_c1997.
300 _a133 pages :
_billustrations ;
_c20 cm.
440 0 _aAnimal Ark ;
_v24
505 _aN
520 _aMandy and James are determined to save twin foals born on Drysdale Farm as their owner, Nick Summers, must focus all his attention on making the farm a success, or else it will have to be sold.
521 8 _a560
_bLexile
521 8 _aN
_bRaz-Plus
650 0 _aAnimal Ark (Imaginary place)
_vFiction.
650 0 _aFoals
_vFiction.
700 1 _aGregory, Jenny,
_eillustrator
906 _a7
_bcbc
_ccopycat
_d2
_encip
_f20
_gy-gencatlg
942 _2ddc
_cBK
_n0
999 _c5949
_d5949